Loading...
| Philosophy | 2 | 6 | 0 | 1 | 90 | 54 | 78.50 | 3 | 4 |
| Literature - World Literature | 2 | 4 | 0 | 0 | 70 | 34 | 86.67 | 1 | 4 |
| History - World History | 1 | 4 | 0 | 1 | 55 | 45 | 91.20 | 1 | 3 |
| Literature - American Literature | 1 | 4 | 1 | 2 | 50 | 56 | 112.00 | 0 | 1 |
| Literature - British Literature | 0 | 5 | 0 | 0 | 50 | 85 | 112.80 | 1 | 3 |
| Fine Arts - Visual Fine Arts | 0 | 5 | 0 | 0 | 50 | 92 | 118.20 | 1 | 3 |
| History - European History | 0 | 4 | 1 | 0 | 35 | 76 | 84.00 | 0 | 3 |
| Religion | 1 | 3 | 2 | 2 | 35 | 42 | 97.00 | 1 | 1 |
| Literature - European Literature | 1 | 2 | 0 | 0 | 35 | 83 | 104.67 | 1 | 3 |
| History - Other History | 0 | 4 | 1 | 1 | 35 | 80 | 102.00 | 1 | 3 |
| Social Science | 1 | 1 | 1 | 1 | 20 | 42 | 72.00 | 1 | 1 |
| History - American History | 1 | 1 | 1 | 0 | 20 | 23 | 58.50 | 1 | 1 |
| Fine Arts - Other Fine Arts | 1 | 0 | 0 | 0 | 15 | 61 | 61.00 | 0 | 1 |
| Geography | 0 | 1 | 0 | 1 | 10 | 141 | 141.00 | 0 | 0 |
| Science - Biology | 0 | 1 | 0 | 0 | 10 | 82 | 82.00 | 0 | 1 |
| Science - Chemistry | 0 | 1 | 0 | 0 | 10 | 123 | 123.00 | 0 | 0 |
| Science - Physics | 0 | 1 | 0 | 0 | 10 | 127 | 127.00 | 0 | 0 |
| Current Events | 0 | 1 | 0 | 0 | 10 | 97 | 97.00 | 0 | 1 |